00622am a2200229a 44500003000900000005001700009008004100026020001800067040001300085100001900098245005000117260004100167490002300208500005600231650001300287650001200300650001500312650001200327651001400339655001500353700002400368AR-BaBNM20251128210955.0020426s1993 Arg|||||||||||000 | esp|| a950-505-197-2 cAR-BaBNM1 aBuzzi, Alfredo10aClásicos argentinos de Medicina y Cirugía aBuenos AiresbLibreros Lópezc1993 0aHumanismo médico aIncluye índice cronológico al final del volumen 4aMEDICINA 4aCIRUGIA 4aBIOGRAFIAS 4aMEDICOS 4aArgentina aBIOGRAFIAS1 aPérgola, Federico